Development of an artificial neural network to estimate the nozzle guide vane ext area of Atar 09C Engine (Record no. 323403)

000 -LEADER
fixed length control field 00403 a2200133 4500
001 - CONTROL NUMBER
control field 88330
082 ## - DEWEY DECIMAL CLASSIFICATION NUMBER
Classification number PR 535
090 ## - LOCALLY ASSIGNED LC-TYPE CALL NUMBER (OCLC); LOCAL CALL NUMBER (RLIN)
-- 41750
-- 41750
100 ## - MAIN ENTRY--PERSONAL NAME
Personal name Muhammad Waqas Arif
245 ## - TITLE STATEMENT
Title Development of an artificial neural network to estimate the nozzle guide vane ext area of Atar 09C Engine
260 ## - PUBLICATION, DISTRIBUTION, ETC.
Place of publication, distribution, etc. Risalpur
Name of publisher, distributor, etc. NUST Risalpur
Date of publication, distribution, etc. 2001
300 ## - PHYSICAL DESCRIPTION
Extent 81p.
Accompanying material Athar Kharal
500 ## - GENERAL NOTE
General note BE Project Reports
942 ## - ADDED ENTRY ELEMENTS (KOHA)
Institution code [OBSOLETE] CAE NUST
Call number prefix PR 535
Holdings
Withdrawn status Lost status Damaged status Not for loan Collection code Permanent Location Current Location Date acquired Total Checkouts Full call number Barcode Date last seen Price effective from Koha item type
          College of Aeronautical Engineering (CAE) College of Aeronautical Engineering (CAE) 04/03/2017   PR 535 CAEPR-535 04/05/2017 04/05/2017 Book
© 2023 Central Library, National University of Sciences and Technology. All Rights Reserved.